000 00656cam a22002291i 4500
001 af 49001172
003 DLC
005 20260227110918.0
008 761014s1945 fr 000 0 fre
010 _aaf 49001172
035 _a(OCoLC)2502309
040 _aDLC
_cKU
_dDLC
042 _apremarc
050 0 0 _aDK267
_b.P52
082 _a947.084
100 1 _aPierre, André.
245 1 0 _aStaline contre Hitler :
_bcomment Staline fit de l'U. R. S. S. un état fort.
260 _aParis :
_bStock,
_c1945.
300 _a142 p. ;
_c19 cm.
651 0 _aSoviet Union
_xPolitics and government
_y1936-1953.
650 0 _aWorld War, 1939-1945
_zSoviet Union.
999 _c6868
_d6868